00511nam a2200193 a 4500001001300000003000900013005001700022008004100039020001000080082001700090100001700107245005500124260003000179300000900209500003500218505001500253650003200268700001700300nice12345678IN_TiNIC20260116011545.0050524s1946 lona grp 000 0 eng  ac10000a915.504bSTA aStark, Freya aValleys of the Assassins and Other Persian Travels aLondonbJohn Murrayc1946 a319p aincludes index and biblioraphy2 aIll, Index aIran-Description and Travel1 aStark, Freya